| 000 | 00357 a2200157 4500 | ||
|---|---|---|---|
| 001 | 190811 | ||
| 020 | _a978-85-99520-26-1 | ||
| 040 | _cMagnum | ||
| 100 | _aDreguer, Ricardo | ||
| 240 | 1 | 0 |
_aO ciclista e o pantaneiro _lpor |
| 245 | 1 | 0 | _aO ciclista e o pantaneiro |
| 300 | _a42 | ||
| 362 | 0 | _a2006 | |
| 697 | _aLITERATURA INFANTO-JUVENIL | ||
| 942 | _cBK | ||
| 999 |
_c190811 _d190811 |
||